000 00414nam a22001697a 4500
003 MPLRDC
005 20220104114203.0
008 210129b ||||| |||| 00| 0 eng d
082 _a782.08 YDCS v.8 c.2
100 _a不详
245 _a一代弧臣武子胥
_c
250 _a初版
260 _a
_b河洛图书版社
_c1979
300 _b
650 _a中国传记丛书
942 _cBK
_o782.08 YDCS v.8 c.2
999 _c5514
_d5504